000 01013nam a2200277 i 4500
001 133272
003 ES-MaACL
005 20260119115736.0
007 t|
008 070214s1927 sp |||| | spa d
080 _a327(460.23:495.1)"13"
080 _a949.51"13"
100 1 _aRubió i Lluch, Antoni,
_d1856-1937
_9162810
245 1 4 _aLos catalanes en Grecia :
_búltimos años de su dominación : cuadros históricos /
_cA. Rubió y Lluch.
260 _aMadrid :
_bVoluntad,
_c1927.
300 _a280 p. ;
_c17 cm.
490 1 _aColección de manuales hispania ;
_v1. Serie F
530 _aDisponible en formato digital.
650 4 _aAlmogávares-
_xHistoria.
_9162820
651 4 _aAtenas-
_xHistoria-
_y1205-1458, Ducado.
_9162821
830 1 _aColección de manuales hispania ;
_v1. Serie F
_9219716
852 4 _aES-MaACL
_jD-8952
_cSVI
856 4 _uhttp://bdh-rd.bne.es/viewer.vm?id=0000229440&page=1
_y(Biblioteca Digital Hispánica)
942 _2udc
999 _c133272
_d133272